000 00815nam a22001937a 4500
999 _c371445
_d371445
008 201127b ||||| |||| 00| 0 eng d
040 _aDE-2950
_bger
_cDE-2950
_erda
041 _ager
245 _aLutherstift baut Geriatrie aus.
_bErweiterung: Das Land hat dem Evangelischen Krankenhausträger mehr stationäre Betten sowie Plätze in seiner Geriatrischen Tagesklinik in Frankfurt bewilligt. Der Um- und Ausbau hat begonnen /
_cInes Weber-Rath
264 _c2022
653 _aFrankfurt (Oder)
653 _aMedizinische Einrichtungen
653 _aLutherstift
773 _dFrankfurt (Oder) Märkisches Verlags- und Druckhaus GmbH & Co KG
_tMärkische Oderzeitung
_g33. Jahrgang (2022) Nr. 42 vom 19./20.02.2022, S. 20
942 _cA